Незабравимата Христина Морфова (Запис номер 90154)
[ съкратено ]
| 000 -Лидер | |
|---|---|
| Контролно поле с фиксирана дължина | 01509nam a2200373 c 4500 |
| 003 - Код на организацията, давaща контролен номер | |
| Контролно поле | BLK |
| 005 - Дата и час на последна редакция | |
| Контролно поле | 20240731112705.0 |
| 008 - Елементи от данни с фиксирана дължина | |
| fixed length control field | 180408b bul|||||r ||||||| ||bul|| |
| 010 ## - Наследен системен номер | |
| LC control number | KNG00094881000 |
| 040 ## - Източник на каталожния запис | |
| Идентификатор на билиотеката - собственик на записа | BLK |
| 041 ## - Код за език | |
| Код за езика на текст/звукозапис или на отделно заглавие | Български |
| Код за езика КДБФ | Български |
| 080 ## - УДК | |
| Текстов определител УДК | Опера, музикална драма - изпълнители |
| УДК код - определител по УДК | 782.1.071.2 |
| УДК определител | (497.2)(092) |
| УДК - код + определител | 782.1.071.2(497.2)(092) |
| 080 ## - УДК | |
| Текстов определител УДК | Българска оперна певица |
| УДК код - определител по УДК | 929 Морфова, Христина Василева |
| УДК - код + определител | 929 Морфова, Христина Василева |
| 100 1# - Редна дума - Автор | |
| Автор | Морфов, Богдан Мирчев |
| Авторска отговорност | първи автор |
| R(LIN) | 260257 |
| 139 ## - Редно поле | |
| Редна дума | Морфов, Богдан Мирчев |
| Авторски знак | Моро - М 90 |
| 245 10 - Сведения за заглавието | |
| Заглавие | Незабравимата Христина Морфова |
| Подзаглавни данни | Биогр. |
| Редно поле (дума) | Богдан Мирчев Морфов. |
| 257 ## - Страна на издаване | |
| Страна на създаване/издаване | България |
| 260 ## - Област на издателските данни | |
| Име на издателя, разпространителя и проч. | Музика |
| Година на издаване | 1978 |
| Печатница | Ямбол : Г. Димитров |
| Място на издаване, разпространение и проч. | София |
| 300 ## - Физическа характеристика | |
| Страници | 247 с., 8 л. |
| Илюстрации и др. | ил., портр. |
| Размери/Мащаб | 20 см |
| 380 ## - Жанр | |
| Жанр | Изкуство |
| 600 14 - Име на лице, използвано като предмет | |
| За него / За нея | Морфова, Христина Василева |
| Свързани дати | 1889 - 1936 |
| 9 (RLIN) | 222779 |
| 653 ## - Ключова дума – ненормативна | |
| Ключова дума | оперни певци |
| 653 ## - Ключова дума – ненормативна | |
| Ключова дума | биографии |
| 653 ## - Ключова дума – ненормативна | |
| Ключова дума | Христина Морфова |
| 653 ## - Ключова дума – ненормативна | |
| Ключова дума | сопрани |
| 852 ## - Местоположение | |
| Форматна сигнатура | Цб 94894 |
| 856 4# - Електронен адрес и достъп | |
| Електронен формат | pdf - файл |
| Инструкция (цена за достъп) | 0.00 |
| Права за достъп | disable |
| 856 4# - Електронен адрес и достъп | |
| Електронен формат | pdf - файл |
| Инструкция (цена за достъп) | 0.00 |
| Права за достъп | disable |
| 942 ## - АРТИКУЛИ | |
| Вид на библиотечния материал | Книги |
| Скрит в OPAC | Не |
| Koha issues (borrowed), all copies | 1 |
| Периодичен библиозапис | Да |
| 944 ## - СЪЗДАВАНЕ И РЕДАКЦИЯ на ЗАПИСА | |
| Създаване/Редакция | Създаване |
| Дата на регистрацията/редакция | 19.03.2010 |
| Служител, извършил регистрацията/редакцията | 30545 |
| Статус, дата на статуса | Нора Радева |
| 944 ## - СЪЗДАВАНЕ И РЕДАКЦИЯ на ЗАПИСА | |
| Създаване/Редакция | Редакция |
| Дата на регистрацията/редакция | 12.08.2011 |
| 999 ## - СИСТЕМНИ КОНТРОЛНИ НОМЕРА | |
| Koha biblionumber | 90154 |
| Koha biblioitemnumber | 90154 |
| 999 ## - СИСТЕМНИ КОНТРОЛНИ НОМЕРА | |
| Koha biblioitemnumber | 90154 |
| 999 ## - СИСТЕМНИ КОНТРОЛНИ НОМЕРА | |
| Koha biblioitemnumber | 90154 |
| Код за отписване | Код за изгубен артикул | Източник на класификационната схема | Код за повреда | Коз за рестрикции | Код за отдаване | Артикулен № | Име на библиотеката - собственик | Име на библиотеката, в която се намира в момента | Статус (Текущо местоположение) | Дата на вписване в системата | Местоположение - отдел | Цена в лева | Инвентарен номер | Систематично азбучна сигнатура | Баркод | Номер на екземпляра | Цена в евро | Служебна бележка | Служебен тип на артикула |
|---|---|---|---|---|---|---|---|---|---|---|---|---|---|---|---|---|---|---|---|
| Не е изгубен | Universal Decimal Classification | Не е повреден | без рестрикции | заемане за дома | 145721 | Регионална библиотека "Любен Каравелов" Русе | Регионална библиотека "Любен Каравелов" Русе | Отдел Изкуство - подръчен фонд | 2010-03-18 | Отдел Изкуство - подръчен фонд | 1.08 | 120000742757 | 782.1(497.2)(092)/М 90 | 120000742757 | 1 | 0.55 | Дост: DA Вид: А N: 8 Дата: 18.03.2010 Дата инв: 07.06.2017 Бележки инв: ИП2017 | Книги | |
| Не е изгубен | Universal Decimal Classification | Не е повреден | без рестрикции | заемане за дома | 145722 | Регионална библиотека "Любен Каравелов" Русе | Регионална библиотека "Любен Каравелов" Русе | Основен фонд - ползва се само за читалня | 1978-01-01 | Отдел Изкуство - подръчен фонд | 1.08 | 285388 | 782.1(497.2)(092)/М 90 | 120000285388 | 2 | 0.55 | Дост: Pk Вид: Ф N: стар фонд Дата: 01.01.1978 Дата инв: 20.06.2012 Бележки инв: * | Книги | |
| Не е изгубен | Universal Decimal Classification | Не е повреден | само за читалня | ползва се в читалня | 145723 | Регионална библиотека "Любен Каравелов" Русе | Регионална библиотека "Любен Каравелов" Русе | Хранилище | 1978-01-01 | Хранилище | 1.08 | 268649 | Цб 94894 | 120000268649 | 3 | 0.55 | Дост: Dp Вид: Д N: стар фонд Дата: 01.01.1978 | Книги |